[Event "FRA-chT2 West 0809"]
[Site "France"]
[Date "2008.10.19"]
[Round "1.6"]
[White "Boussaha, Bilal"]
[Black "Bernard, Serge"]
[Result "1/2-1/2"]
[WhiteElo "1970"]
[BlackElo "2067"]
[PlyCount "64"]
[EventDate "2008.10.19"]
[EventType "team-tourn"]
[EventRounds "11"]
[EventCountry "FRA"]
[SourceTitle "EXT 2010"]
[Source "ChessBase"]
[SourceDate "2010.11.25"]
[SourceVersion "1"]
[SourceVersionDate "2010.11.25"]
[SourceQuality "1"]
[WhiteTeam "Saint Quentin"]
[BlackTeam "Le Chesnay"]
[WhiteTeamCountry "FRA"]
[BlackTeamCountry "FRA"]

1. e4 g6 2. d4 Bg7 3. Nc3 c5 4. Nf3 cxd4 5. Nxd4 Nc6 6. Be3 Nf6 7. Be2 d6 8. 0-0 0-0 9. Kh1 Nxd4 10. Bxd4 Be6 11. f4 Qa5 12. Bf3 Bc4 13. Rg1 e5 14. fxe5 dxe5 15. Be3 b5 16. a3 a6 17. Qe1 Qc7 18. Qf2 Rac8 19. Rad1 a5 20. Bb6 Qc6 21. Bxa5 h5 22. h3 Bh6 23. Qb6 Kg7 24. Rd6 Qxb6 25. Bxb6 Rh8 26. Rgd1 g5 27. g3 g4 28. Bg2 h4 29. gxh4 Bf4 30. Kg1 Rxh4 31. Bd8 Bg5 32. hxg4 Rxg4 1/2-1/2

[Event "Elancourt op 10th"]
[Site "Elancourt"]
[Date "2007.04.21"]
[Round "9"]
[White "Boussaha, Bilal"]
[Black "Fayolle, Guy"]
[Result "1/2-1/2"]
[WhiteElo "1979"]
[BlackElo "1954"]
[PlyCount "35"]
[EventDate "2007.04.14"]
[EventType "swiss"]
[EventRounds "9"]
[EventCountry "FRA"]
[SourceTitle "CBM 118 Extra"]
[Source "ChessBase"]
[SourceDate "2007.07.04"]
[SourceVersion "1"]
[SourceVersionDate "2007.07.04"]
[SourceQuality "1"]

1. e4 e5 2. Nf3 Nc6 3. Nc3 Nf6 4. Bb5 d6 5. d4 exd4 6. Nxd4 Bd7 7. Bxc6 bxc6 8. 0-0 Be7 9. f4 c5 10. Nf3 Bc6 11. Re1 0-0 12. e5 Nd7 13. Nd5 Nb6 14. Nxe7+ Qxe7 15. exd6 Qxd6 16. Ne5 Bb7 17. b3 f6 18. Nd3 1/2-1/2

[Event "Elancourt op 10th"]
[Site "Elancourt"]
[Date "2007.04.17"]
[Round "5"]
[White "Boussaha, Bilal"]
[Black "Imbert, Christophe"]
[Result "1/2-1/2"]
[WhiteElo "1979"]
[BlackElo "2139"]
[PlyCount "45"]
[EventDate "2007.04.14"]
[EventType "swiss"]
[EventRounds "9"]
[EventCountry "FRA"]
[SourceTitle "CBM 118 Extra"]
[Source "ChessBase"]
[SourceDate "2007.07.04"]
[SourceVersion "1"]
[SourceVersionDate "2007.07.04"]
[SourceQuality "1"]

1. Nf3 Nf6 2. g3 g6 3. b4 Bg7 4. Bb2 0-0 5. Bg2 d6 6. d3 Na6 7. b5 Nc5 8. c4 a6 9. a4 e5 10. Nbd2 Re8 11. 0-0 Qe7 12. Qc2 Nfd7 13. e4 Nf8 14. d4 exd4 15. Nxd4 Nfe6 16. Nxe6 Qxe6 17. Bxg7 Kxg7 18. f4 axb5 19. axb5 Rxa1 20. Rxa1 Qf6 21. Ra8 Qd4+ 22. Kf1 Nd3 23. Nb3 1/2-1/2

[Event "Montigny le Bretonneux op 5th"]
[Site "Montigny le Bretonneux"]
[Date "2006.11.04"]
[Round "8.1"]
[White "Boussaha, Bilal"]
[Black "Blot, David"]
[Result "0-1"]
[WhiteElo "1966"]
[BlackElo "1997"]
[PlyCount "92"]
[EventDate "2006.10.28"]
[EventType "swiss"]
[EventRounds "9"]
[EventCountry "FRA"]
[SourceTitle "EXT 2007"]
[Source "ChessBase"]
[SourceDate "2006.11.23"]
[SourceVersion "1"]
[SourceVersionDate "2006.11.23"]
[SourceQuality "1"]

1. e4 d6 2. d4 Nf6 3. Nc3 g6 4. Be3 Bg7 5. f3 c6 6. Qd2 b5 7. 0-0-0 0-0 8. Bh6 Bxh6 9. Qxh6 Qa5 10. Kb1 b4 11. Nce2 Nbd7 12. Nc1 c5 13. h4 cxd4 14. Rxd4 Ne5 15. g4 Be6 16. h5 Qc5 17. Rd1 Rac8 18. Qd2 Rc7 19. Nd3 Nxd3 20. Bxd3 Bc4 21. Ne2 Rfc8 22. Rc1 a5 23. Ng3 a4 24. Bxc4 Qxc4 25. hxg6 fxg6 26. g5 Ne8 27. Qd3 Qc5 28. Qd2 e6 29. Ne2 a3 30. b3 Qe5 31. Qd4 Qxg5 32. Rcg1 Qf6 33. Qxf6 Nxf6 34. Rc1 e5 35. Rhd1 Rc6 36. Rd3 Kf7 37. c3 bxc3 38. Rdxc3 Rxc3 39. Rxc3 Rxc3 40. Nxc3 h5 41. b4 h4 42. Kc2 h3 43. Nd1 h2 44. Nf2 Ke7 45. Kd3 Nh5 46. Kc3 Ng3 0-1

[Event "Montigny le Bretonneux op 5th"]
[Site "Montigny le Bretonneux"]
[Date "2006.10.29"]
[Round "2.1"]
[White "Boussaha, Bilal"]
[Black "Forissier, Nicolas"]
[Result "0-1"]
[WhiteElo "1966"]
[BlackElo "1958"]
[PlyCount "72"]
[EventDate "2006.10.28"]
[EventType "swiss"]
[EventRounds "9"]
[EventCountry "FRA"]
[SourceTitle "EXT 2007"]
[Source "ChessBase"]
[SourceDate "2006.11.23"]
[SourceVersion "1"]
[SourceVersionDate "2006.11.23"]
[SourceQuality "1"]

1. d4 Nf6 2. c4 g6 3. Nc3 d5 4. Bf4 Bg7 5. e3 c6 6. f3 0-0 7. e4 dxe4 8. fxe4 Nh5 9. Be3 e5 10. d5 f5 11. exf5 Bxf5 12. Nf3 Bg4 13. Be2 e4 14. Ng5 Nf4 15. Bxf4 Rxf4 16. Ngxe4 Bf5 17. Bd3 Bxe4 18. Nxe4 Rxe4+ 19. Bxe4 Qh4+ 20. Kf1 Qxe4 21. Qe2 cxd5 22. cxd5 Qxd5 23. Qd1 Qf5+ 24. Qf3 Qxf3+ 25. gxf3 Nc6 26. Kg2 b6 27. b3 Re8 28. Rhe1 Rxe1 29. Rxe1 Kf7 30. Rc1 Ne7 31. Rc7 a5 32. Kf2 Bd4+ 33. Ke2 Bc5 34. Kd3 Ke6 35. Ke4 h6 36. Rb7 Nf5 0-1

[Event "Montigny le Bretonneux op 5th"]
[Site "Montigny le Bretonneux"]
[Date "2006.10.28"]
[Round "1.1"]
[White "Fayolle, Guy"]
[Black "Boussaha, Bilal"]
[Result "1/2-1/2"]
[WhiteElo "1918"]
[BlackElo "1966"]
[PlyCount "50"]
[EventDate "2006.10.28"]
[EventType "swiss"]
[EventRounds "9"]
[EventCountry "FRA"]
[SourceTitle "EXT 2007"]
[Source "ChessBase"]
[SourceDate "2006.11.23"]
[SourceVersion "1"]
[SourceVersionDate "2006.11.23"]
[SourceQuality "1"]

1. d4 Nf6 2. c4 e6 3. Nc3 d5 4. cxd5 exd5 5. Bg5 c6 6. e3 Bf5 7. Nf3 Nbd7 8. Nh4 Be6 9. Nf3 Qa5 10. Qc2 Bb4 11. Bxf6 Nxf6 12. Nd2 0-0 13. Bd3 Rfe8 14. 0-0 Qc7 15. Nf3 Bd6 16. h3 h6 17. Nh4 Qd7 18. Bf5 g6 19. Bxe6 Rxe6 20. a3 Kg7 21. b4 Bc7 22. Rac1 Qd6 23. Nf3 a6 24. Ne5 Qe7 25. f4 Bxe5 1/2-1/2

[Event "Elancourt op"]
[Site "Elancourt"]
[Date "2006.04.22"]
[Round "8"]
[White "Grandjean, Anthony"]
[Black "Boussaha, Bilal"]
[Result "0-1"]
[WhiteElo "1670"]
[BlackElo "1958"]
[PlyCount "22"]
[EventDate "2006.04.16"]
[EventType "swiss"]
[EventRounds "9"]
[EventCountry "FRA"]
[SourceTitle "CBM 111 Extra"]
[Source "ChessBase"]
[SourceDate "2006.05.09"]
[SourceVersion "1"]
[SourceVersionDate "2006.05.09"]
[SourceQuality "1"]

1. e4 e5 2. Nc3 Nf6 3. Bc4 Nc6 4. d3 Bb4 5. f4 d5 6. Bxd5 Nxd5 7. Nge2 Bxc3+ 8. bxc3 Nxf4 9. 0-0 Nxe2+ 10. Qxe2 0-0 11. Qf2 f5 0-1

[Event "Elancourt op"]
[Site "Elancourt"]
[Date "2006.04.18"]
[Round "3"]
[White "Boussaha, Bilal"]
[Black "Francois, Jean Claude"]
[Result "1-0"]
[WhiteElo "1958"]
[BlackElo "1818"]
[PlyCount "73"]
[EventDate "2006.04.16"]
[EventType "swiss"]
[EventRounds "9"]
[EventCountry "FRA"]
[SourceTitle "CBM 111 Extra"]
[Source "ChessBase"]
[SourceDate "2006.05.09"]
[SourceVersion "1"]
[SourceVersionDate "2006.05.09"]
[SourceQuality "1"]

1. e4 e5 2. Nf3 Nc6 3. Nc3 d6 4. d4 Bg4 5. Bb5 exd4 6. Qxd4 Bxf3 7. gxf3 Qd7 8. Be3 Nxd4 9. Bxd7+ Kxd7 10. Bxd4 c5 11. Be3 Nf6 12. 0-0-0 Kc6 13. Bg5 Be7 14. Bxf6 Bxf6 15. Nd5 Bd4 16. Rd2 g5 17. h4 h6 18. hxg5 hxg5 19. Rg1 f6 20. c3 Be5 21. Kc2 Rh7 22. Rgd1 a5 23. a4 Re8 24. Nxf6 Bxf6 25. Rxd6+ Kc7 26. Rxf6 g4 27. fxg4 Rxe4 28. g5 Rg7 29. Rd5 b6 30. f4 c4 31. g6 Rge7 32. f5 Re1 33. Rf7 Kc6 34. Rxe7 Rxe7 35. f6 Re2+ 36. Rd2 Re6 37. g7 1-0

[Event "Montigny le Bretonneux Noel op 08th"]
[Site "Montigny le Bretonneux"]
[Date "2005.12.31"]
[Round "7"]
[White "Appavou, Calixte"]
[Black "Boussaha, Bilal"]
[Result "0-1"]
[WhiteElo "1940"]
[BlackElo "1955"]
[PlyCount "34"]
[EventDate "2005.12.26"]
[EventType "swiss"]
[EventRounds "7"]
[EventCountry "FRA"]
[SourceTitle "CBM 110 Extra"]
[Source "ChessBase"]
[SourceDate "2006.03.10"]
[SourceVersion "2"]
[SourceVersionDate "2006.03.10"]
[SourceQuality "1"]

1. e4 e5 2. Nf3 Nc6 3. Nc3 Nf6 4. d4 exd4 5. Nxd4 Bb4 6. Nxc6 bxc6 7. Bd3 d5 8. exd5 cxd5 9. Bd2 0-0 10. 0-0 c6 11. Re1 Be6 12. Ne2 Bc5 13. h3 Qb6 14. Rf1 Qxb2 15. Bc3 Qb8 16. Bxf6 gxf6 17. Nf4 Qxf4 0-1

[Event "Montigny le Bretonneux Noel op 08th"]
[Site "Montigny le Bretonneux"]
[Date "2005.12.30"]
[Round "6"]
[White "Boussaha, Bilal"]
[Black "Msellek, Ilyass"]
[Result "1-0"]
[WhiteElo "1955"]
[BlackElo "1380"]
[PlyCount "77"]
[EventDate "2005.12.26"]
[EventType "swiss"]
[EventRounds "7"]
[EventCountry "FRA"]
[SourceTitle "CBM 110 Extra"]
[Source "ChessBase"]
[SourceDate "2006.03.10"]
[SourceVersion "2"]
[SourceVersionDate "2006.03.10"]
[SourceQuality "1"]

1. e4 e5 2. Nf3 Nc6 3. Nc3 Nf6 4. Bb5 d6 5. d4 Bd7 6. 0-0 a6 7. Bxc6 Bxc6 8. dxe5 dxe5 9. Nxe5 Qxd1 10. Rxd1 Bd6 11. Nxc6 bxc6 12. e5 Be7 13. exf6 Bxf6 14. Re1+ Kf8 15. Bf4 Rb8 16. Bxc7 Rc8 17. Bd6+ Kg8 18. Be7 Bxe7 19. Rxe7 g6 20. Rd1 Kg7 21. Rdd7 Rhf8 22. f3 Rb8 23. b3 Rb4 24. a3 Rf4 25. Kf2 g5 26. g4 Kg6 27. Rd6+ Kg7 28. Ne4 h6 29. Ke3 Rh8 30. h4 Rb8 31. hxg5 hxg5 32. Nxg5 Rf6 33. Rdd7 Rc8 34. Ne6+ Rxe6+ 35. Rxe6 Kg8 36. Ree7 a5 37. Kf4 c5 38. Kf5 c4 39. Kf6 1-0

[Event "Montigny le Bretonneux Noel op 08th"]
[Site "Montigny le Bretonneux"]
[Date "2005.12.29"]
[Round "5"]
[White "Boussaha, Bilal"]
[Black "Chasez, Fabien"]
[Result "1/2-1/2"]
[WhiteElo "1955"]
[BlackElo "1330"]
[PlyCount "85"]
[EventDate "2005.12.26"]
[EventType "swiss"]
[EventRounds "7"]
[EventCountry "FRA"]
[SourceTitle "CBM 110 Extra"]
[Source "ChessBase"]
[SourceDate "2006.03.10"]
[SourceVersion "2"]
[SourceVersionDate "2006.03.10"]
[SourceQuality "1"]

1. e4 c6 2. d4 d5 3. exd5 cxd5 4. Bd3 Nf6 5. c3 Nc6 6. Bf4 Bg4 7. Qb3 Na5 8. Qa4+ Bd7 9. Qc2 e6 10. Nf3 Be7 11. Nbd2 Rc8 12. 0-0 0-0 13. Rae1 Re8 14. Ne5 Nc6 15. Ndf3 Nb4 16. Qe2 Nxd3 17. Nxd3 b5 18. a3 a5 19. Nfe5 Qb6 20. Bg5 Qc7 21. f4 b4 22. axb4 axb4 23. Bxf6 gxf6 24. Nxd7 Qxd7 25. Nxb4 Bxb4 26. cxb4 Rc4 27. Qg4+ Kh8 28. Qh4 Qe7 29. f5 e5 30. Rf3 Rg8 31. Rh3 Rg7 32. Ra1 Qd8 33. Rd1 Rxb4 34. Qf2 Qb8 35. dxe5 Rxb2 36. exf6 Rxf2 37. fxg7+ Kxg7 38. Kxf2 Qf4+ 39. Rf3 Qxh2 40. Rxd5 Qh4+ 41. Kf1 Qh1+ 42. Kf2 Qh4+ 43. Kf1 1/2-1/2

[Event "Montigny le Bretonneux-B 4th"]
[Site "Montigny le Bretonneux"]
[Date "2005.10.28"]
[Round "7"]
[White "Delpech, Olivier"]
[Black "Boussaha, Bilal"]
[Result "1/2-1/2"]
[WhiteElo "1770"]
[BlackElo "1955"]
[PlyCount "42"]
[EventDate "2005.10.22"]
[EventType "tourn"]
[EventRounds "9"]
[EventCountry "FRA"]
[SourceTitle "EXT 2008"]
[Source "ChessBase"]
[SourceDate "2007.11.25"]
[SourceVersion "1"]
[SourceVersionDate "2007.11.25"]
[SourceQuality "1"]

1. c4 e6 2. Nc3 d5 3. cxd5 exd5 4. d4 c6 5. Nf3 Bf5 6. a3 Bd6 7. g3 Nd7 8. Bg2 Ngf6 9. 0-0 0-0 10. Nh4 Bg4 11. f3 Bh5 12. Qc2 Qb6 13. Be3 Rfe8 14. Bf2 Rad8 15. e4 dxe4 16. Nxe4 Nxe4 17. fxe4 Qc7 18. Nf5 Bg6 19. Nxd6 Qxd6 20. Rae1 Nb6 21. b4 Qd7 1/2-1/2

[Event "Montigny le Bretonneux-B 4th"]
[Site "Montigny le Bretonneux"]
[Date "2005.10.27"]
[Round "6"]
[White "Boussaha, Bilal"]
[Black "Heimann, Udo"]
[Result "1/2-1/2"]
[WhiteElo "1955"]
[BlackElo "1937"]
[PlyCount "29"]
[EventDate "2005.10.22"]
[EventType "tourn"]
[EventRounds "9"]
[EventCountry "FRA"]
[SourceTitle "EXT 2008"]
[Source "ChessBase"]
[SourceDate "2007.11.25"]
[SourceVersion "1"]
[SourceVersionDate "2007.11.25"]
[SourceQuality "1"]

1. e4 c5 2. Nf3 d6 3. Bb5+ Nd7 4. 0-0 a6 5. Bxd7+ Bxd7 6. d3 e6 7. Re1 Be7 8. c3 Nf6 9. Bf4 e5 10. Bg3 Nh5 11. Nxe5 Nxg3 12. Nxd7 Nxe4 13. dxe4 Qxd7 14. Nd2 b5 15. Nf1 1/2-1/2

[Event "Elancourt op"]
[Site "Elancourt"]
[Date "2005.04.26"]
[Round "5"]
[White "Scozzesi, Francois"]
[Black "Boussaha, Bilal"]
[Result "1/2-1/2"]
[WhiteElo "2010"]
[BlackElo "1877"]
[PlyCount "35"]
[EventDate "2005.04.23"]
[EventType "swiss"]
[EventRounds "9"]
[EventCountry "FRA"]
[SourceTitle "CBM 105 Extra"]
[Source "ChessBase"]
[SourceDate "2005.05.01"]
[SourceVersion "1"]
[SourceVersionDate "2005.05.01"]
[SourceQuality "1"]

1. e4 e5 2. d4 exd4 3. Qxd4 Nc6 4. Qe3 d6 5. Bd2 Nf6 6. Nc3 g6 7. 0-0-0 Bg7 8. f4 0-0 9. h4 h5 10. Bc4 Bg4 11. Rf1 Re8 12. Qg3 Nxe4 13. Nxe4 Rxe4 14. Bd3 Re8 15. f5 Be5 16. Qf2 Bd4 17. Qg3 Be5 18. Qf2 1/2-1/2

[Event "Montigny le Bretonneux Noel op 07th"]
[Site "Montigny le Bretonneux"]
[Date "2004.12.31"]
[Round "7"]
[White "Ferriere, Patrick"]
[Black "Boussaha, Bilal"]
[Result "1/2-1/2"]
[WhiteElo "1700"]
[BlackElo "1860"]
[PlyCount "77"]
[EventDate "2004.12.??"]
[EventType "swiss"]
[EventRounds "7"]
[EventCountry "FRA"]
[SourceTitle "EXT 2006"]
[Source "ChessBase"]
[SourceDate "2005.11.24"]
[SourceVersion "1"]
[SourceVersionDate "2005.11.24"]
[SourceQuality "1"]

1. c4 Nf6 2. Nf3 e6 3. Nc3 d5 4. cxd5 exd5 5. d4 c6 6. Bd2 Bd6 7. g3 Bg4 8. Nh4 Bf5 9. h3 Be6 10. Bg2 Qc7 11. Qc2 Bxg3 12. Nb5 Qb6 13. fxg3 cxb5 14. Qd3 Nc6 15. e3 Qc7 16. 0-0 Qxg3 17. Nf5 Bxf5 18. Rxf5 a6 19. Raf1 Qg6 20. Qe2 0-0 21. Kh2 Ne4 22. Bxe4 dxe4 23. R1f4 Qe6 24. b3 Rac8 25. Qh5 Rcd8 26. Be1 Rd5 27. Rg5 Rxg5 28. Qxg5 Qg6 29. Qd5 Qe6 30. Qxe4 Qxe4 31. Rxe4 Rd8 32. Kg3 f6 33. Bd2 Kf7 34. Kf3 g5 35. Rg4 Re8 36. h4 h5 37. Re4 Rg8 38. hxg5 fxg5 39. d5 1/2-1/2

[Event "Montigny le Bretonneux Noel op 07th"]
[Site "Montigny le Bretonneux"]
[Date "2004.12.29"]
[Round "5"]
[White "Bernard, Serge"]
[Black "Boussaha, Bilal"]
[Result "1-0"]
[WhiteElo "1997"]
[BlackElo "1860"]
[PlyCount "79"]
[EventDate "2004.12.??"]
[EventType "swiss"]
[EventRounds "7"]
[EventCountry "FRA"]
[SourceTitle "EXT 2006"]
[Source "ChessBase"]
[SourceDate "2005.11.24"]
[SourceVersion "1"]
[SourceVersionDate "2005.11.24"]
[SourceQuality "1"]

1. e4 e5 2. Nf3 Nf6 3. Nxe5 d6 4. Nf3 Nxe4 5. Nc3 Nxc3 6. dxc3 Be7 7. Bf4 Nd7 8. Qd2 Nc5 9. 0-0-0 0-0 10. h3 Re8 11. Bd3 Be6 12. Kb1 Qd7 13. Nd4 Nxd3 14. Qxd3 Bf6 15. Nxe6 Rxe6 16. g4 h6 17. Rdg1 Qe7 18. Bd2 g5 19. h4 gxh4 20. g5 hxg5 21. Rxh4 Kf8 22. Rh7 Ke8 23. a3 Rd8 24. Qf5 Re5 25. Qg4 Qe6 26. Qa4+ Qd7 27. Qxa7 Qc6 28. f4 gxf4 29. Rg8+ Ke7 30. Rxd8 Kxd8 31. Rxf7 Be7 32. Rh7 f3 33. Qb8+ Kd7 34. Rh8 Ke6 35. Qc8+ Kd5 36. Qg8+ Kc5 37. Qg1+ Kb5 38. a4+ Kxa4 39. Qd4+ Kb5 40. Qb4+ 1-0

[Event "Montigny le Bretonneux Noel op 07th"]
[Site "Montigny le Bretonneux"]
[Date "2004.12.27"]
[Round "3"]
[White "Etrog, Jonathan"]
[Black "Boussaha, Bilal"]
[Result "1/2-1/2"]
[WhiteElo "2059"]
[BlackElo "1860"]
[PlyCount "86"]
[EventDate "2004.12.??"]
[EventType "swiss"]
[EventRounds "7"]
[EventCountry "FRA"]
[SourceTitle "EXT 2006"]
[Source "ChessBase"]
[SourceDate "2005.11.24"]
[SourceVersion "1"]
[SourceVersionDate "2005.11.24"]
[SourceQuality "1"]

1. e4 e5 2. Nf3 Nc6 3. Bb5 a6 4. Ba4 d6 5. d3 Be7 6. c3 f5 7. Nbd2 Nf6 8. Qe2 fxe4 9. dxe4 b5 10. Bb3 Na5 11. Bc2 Bg4 12. h3 Bh5 13. Nf1 0-0 14. Ng3 Bf7 15. 0-0 Nd7 16. Rd1 Be6 17. Nf5 Kh8 18. b3 Qe8 19. Bg5 Nc6 20. Qe3 Bf6 21. Bxf6 Nxf6 22. Qg5 Qf7 23. Qg3 h6 24. N3h4 Kh7 25. Qe3 g5 26. Nf3 Bxf5 27. exf5 Ne7 28. a4 bxa4 29. Rxa4 Kg7 30. Nxg5 hxg5 31. Qxg5+ Kh8 32. Rh4+ Nh7 33. f6 Rg8 34. Qh6 Ng6 35. Rg4 Nf4 36. Re1 Rxg4 37. hxg4 Rg8 38. g5 Rxg5 39. g3 Nd5 40. Bxh7 Rh5 41. Bg6+ Rxh6 42. Bxf7 Nxc3 43. Bc4 Rxf6 1/2-1/2

[Event "Montigny le Bretonneux 3rd"]
[Site "Montigny le Bretonneux"]
[Date "2004.10.31"]
[Round "8"]
[White "Blot, David"]
[Black "Boussaha, Bilal"]
[Result "1-0"]
[WhiteElo "1987"]
[BlackElo "1860"]
[PlyCount "39"]
[EventDate "2004.10.??"]
[EventType "swiss"]
[EventRounds "9"]
[EventCountry "FRA"]
[SourceTitle "EXT 2006"]
[Source "ChessBase"]
[SourceDate "2005.11.24"]
[SourceVersion "1"]
[SourceVersionDate "2005.11.24"]
[SourceQuality "1"]

1. e4 e5 2. Nf3 Nf6 3. d3 Nc6 4. Be2 d5 5. Nbd2 Be7 6. 0-0 0-0 7. c3 Be6 8. b4 a6 9. Bb2 dxe4 10. dxe4 Nd7 11. Bc4 Bxc4 12. Nxc4 Bf6 13. a4 Re8 14. Ne3 Be7 15. Qc2 Bf8 16. Rfd1 Na7 17. Rd2 c6 18. Rad1 Re7 19. Nf5 Re6 20. Rxd7 1-0

[Event "Montigny le Bretonneux 3rd"]
[Site "Montigny le Bretonneux"]
[Date "2004.10.24"]
[Round "1"]
[White "Boussaha, Bilal"]
[Black "Ferriere, Patrick"]
[Result "1-0"]
[WhiteElo "1860"]
[BlackElo "1700"]
[PlyCount "80"]
[EventDate "2004.10.??"]
[EventType "swiss"]
[EventRounds "9"]
[EventCountry "FRA"]
[SourceTitle "EXT 2006"]
[Source "ChessBase"]
[SourceDate "2005.11.24"]
[SourceVersion "1"]
[SourceVersionDate "2005.11.24"]
[SourceQuality "1"]

1. e4 d6 2. d4 Nf6 3. Nc3 g6 4. f4 Bg7 5. e5 Nfd7 6. Ne4 d5 7. Nc3 e6 8. Be3 b6 9. Nf3 Ba6 10. Bxa6 Nxa6 11. Qe2 Nab8 12. 0-0 a6 13. Qf2 Qe7 14. Ne2 c5 15. c3 Nc6 16. Bd2 cxd4 17. cxd4 0-0 18. a3 a5 19. Nc3 Na7 20. Qe2 f6 21. Rac1 fxe5 22. fxe5 Rf5 23. g4 Rff8 24. Bg5 Qe8 25. Be3 h6 26. Qd3 Kh7 27. h4 Kh8 28. Qd2 Kh7 29. Qd3 Kh8 30. Kg2 Rg8 31. g5 h5 32. Nd2 Nf8 33. Rf2 Kh7 34. Rcf1 Rc8 35. Qa6 Nc6 36. Nb5 Ra8 37. Nd6 Rxa6 38. Nxe8 Ne7 39. Nxg7 Kxg7 40. Rf7+ Kh8 1-0

[Event "Montigny le Bretonneux op"]
[Site "Montigny le Bretonneux"]
[Date "2004.05.22"]
[Round "4"]
[White "Boussaha, Bilal"]
[Black "Grandjean, Anthony"]
[Result "1-0"]
[WhiteElo "1760"]
[BlackElo "1530"]
[PlyCount "83"]
[EventDate "2004.05.20"]
[EventType "swiss"]
[EventRounds "9"]
[EventCountry "FRA"]
[SourceTitle "EXT 2007"]
[Source "ChessBase"]
[SourceDate "2006.11.23"]
[SourceVersion "1"]
[SourceVersionDate "2006.11.23"]
[SourceQuality "1"]

1. c4 e5 2. Nc3 Nf6 3. g3 Nc6 4. Bg2 b6 5. Nf3 Bb7 6. Nxe5 Nxe5 7. Bxb7 Rb8 8. Bd5 c6 9. d4 Nxd5 10. cxd5 Ng6 11. e4 cxd5 12. Nxd5 Be7 13. Nxe7 Qxe7 14. 0-0 0-0 15. Re1 d6 16. Bd2 Rbd8 17. Bb4 a5 18. Bc3 Rfe8 19. Qb3 Rb8 20. Rac1 Qe6 21. Qxe6 fxe6 22. f4 h5 23. b3 h4 24. Kg2 hxg3 25. hxg3 Kf7 26. Bb2 Rbc8 27. Kf3 Rh8 28. Rxc8 Rxc8 29. Rc1 Rxc1 30. Bxc1 d5 31. f5 dxe4+ 32. Kxe4 exf5+ 33. Kxf5 Ne7+ 34. Ke4 Ke6 35. d5+ Nxd5 36. Bb2 g6 37. a3 Ne7 38. Bd4 Nd5 39. g4 Nf6+ 40. Bxf6 Kxf6 41. a4 Kg5 42. Kd5 1-0

[Event "Montigny le Bretonneux op"]
[Site "Montigny le Bretonneux"]
[Date "2004.05.20"]
[Round "2"]
[White "Boussaha, Bilal"]
[Black "Kermadec, Geoffroy"]
[Result "1-0"]
[WhiteElo "1760"]
[BlackElo "1460"]
[PlyCount "66"]
[EventDate "2004.05.20"]
[EventType "swiss"]
[EventRounds "9"]
[EventCountry "FRA"]
[SourceTitle "EXT 2007"]
[Source "ChessBase"]
[SourceDate "2006.11.23"]
[SourceVersion "1"]
[SourceVersionDate "2006.11.23"]
[SourceQuality "1"]

1. e4 d5 2. exd5 Nf6 3. d4 Qxd5 4. c4 Qd8 5. Nc3 e6 6. Nf3 Nc6 7. a3 g6 8. g3 Bg7 9. Bg2 0-0 10. 0-0 Re8 11. Re1 Rb8 12. Bf4 a6 13. Qd3 Nh5 14. Be3 Ne5 15. Nxe5 Bxe5 16. Rad1 Bg7 17. Bf3 Nf6 18. Bg5 Qd6 19. Bf4 Qd7 20. b4 b5 21. c5 Bb7 22. Bxb7 Rxb7 23. Qf3 c6 24. Be5 Qe7 25. Qxc6 Ra7 26. Qf3 Nh5 27. Bxg7 Nxg7 28. Ne4 Nf5 29. g4 Qb7 30. Nf6+ Kf8 31. Qxb7 Rxb7 32. Nxe8 Kxe8 33. gxf5 gxf5 1-0

[Event "Montigny le Bretonneux op"]
[Site "Montigny le Bretonneux"]
[Date "2004.05.20"]
[Round "3"]
[White "Fayolle, Guy"]
[Black "Boussaha, Bilal"]
[Result "1-0"]
[WhiteElo "1960"]
[BlackElo "1760"]
[PlyCount "89"]
[EventDate "2004.05.20"]
[EventType "swiss"]
[EventRounds "9"]
[EventCountry "FRA"]
[SourceTitle "EXT 2007"]
[Source "ChessBase"]
[SourceDate "2006.11.23"]
[SourceVersion "1"]
[SourceVersionDate "2006.11.23"]
[SourceQuality "1"]

1. e4 e5 2. Nf3 Nf6 3. Nxe5 d6 4. Nf3 Nxe4 5. d4 d5 6. Bd3 Bd6 7. c4 c6 8. Qe2 0-0 9. 0-0 f5 10. Ne5 Bxe5 11. dxe5 Nc5 12. cxd5 Nxd3 13. Qxd3 Qxd5 14. Qxd5+ cxd5 15. Nc3 Be6 16. Rd1 Rd8 17. Bg5 Rd7 18. Rac1 h6 19. Be3 Nc6 20. Bd4 Nxd4 21. Rxd4 Rc8 22. f4 b5 23. Rcd1 a6 24. a3 Rc4 25. Kf2 Kf7 26. Ke3 Rxd4 27. Kxd4 Rc7 28. b3 Ke8 29. Rc1 Kd7 30. Rd1 Ke7 31. Rc1 Kd7 32. Ne2 Rxc1 33. Nxc1 Kc6 34. Nd3 a5 35. Nc5 Bc8 36. b4 axb4 37. axb4 g5 38. g3 g4 39. e6 Kd6 40. e7 Kxe7 41. Kxd5 Kd8 42. Kc6 h5 43. Kxb5 Kc7 44. Nb3 Kd6 45. Kb6 1-0